000 00812nam a2200205 i 4500
001 79137
003 ES-MaACL
005 20251004063124.0
007 t|
008 041019s1971 sp f |||| | spa d
100 1 _aHernández Díaz, José,
_d1906-1998
_962929
245 1 0 _aIconografía medieval de la madre de Dios en el antiguo reino de Sevilla /
_cdiscurso académico [de] José Hernández Díaz y contestación [de] Enrique Pérez Comendador.
260 _aMadrid :
_bReal Academia de Bellas Artes de San Fernando,
_c1971.
300 _a71 p., 11 lám. ;
_c24 cm.
600 0 4 _aVirgen María-
_xIconografía.
_9115442
700 1 _aPérez Comendador, Enrique.
_990737
710 2 _aReal Academia de Bellas Artes de San Fernando.
_96291
852 _aES-MaACL
_jC-41912
999 _c79137
_d79137